000 00893nam a2200253 a 4500
001 C01364857c-4
003 CO-ViMGA
005 20230915233128.0
008 130201s2011 sp a jr 0001j spa d
020 _a9788415208198
040 _aCO-ViMGA
_bspa
_cCO-ViMGA
041 0 _hchi
043 _aa-cc---
082 0 4 _a305.23
_bL41s
_221
100 1 _aLiao, Jimmy,
_d1958-
_93124
245 1 0 _aSoy feliz, no me preocupo :
_b... soy yo quien tiene preocupado al mundo /
_cJimmy Liao ; traducción del chino Jordi Ainaud i Escudero.
260 _aBarcelona :
_bBarbara Fiore Editora,
_c2011.
300 _a[127] p. :
_bil. ;
_c15 x 20 cm.
650 1 4 _aFelicidad
_v Libros ilustrados.
_93126
650 1 4 _aNiños
_x Aspectos psicológicos
_v Libros ilustrados.
_93125
650 1 4 _aLibros ilustrados para niños.
_987
700 1 _aAinaud i Escudero, Jordi,
_etr.
_93127
942 _2ddc
_cBK
999 _c8043
_d8043